000 00558nas a2200193 a 4500
999 _c11534
_d11534
005 20191207093117.0
008 191207b xxu||||| |||| 00| 0 eng d
022 _a0027-9358
040 _cBD-JhCC
082 _a051
_bNAT
245 _aNational Geograhic Magazine /
_cEdited by Susan Goldberg
260 _aWashington, D.C :
_bNational Geographic Society,
300 _aVol. 7, Issue 4.
310 _aMonthly
650 _aGeography
_vPeriodicals
700 _aGoldberg, Susan
856 _uhttps://www.nationalgeographic.com/
942 _2ddc
_cCR
_s1